1939 1170 1371 1622 1700 1132 1157 1001 1748 1933 1728 1038 1027 1293 1488 1073 1054 1585 1659 1035 1776 1758 1910 1267 1093 1162 1697 1644 1067 1536 1517 1983 1854 1997 1773 1873 1198 1482 1388 1765 1949 1303 1127 1370 1884 1751 1516 1972 1299 1882 2000 1621 1384 1306 1852 1254 1998 1446 1504 1320 1724 1788 1804 1608 1727 1176 1244 1924 1901 1400 1300 1552 1211 1424 1816 1103 1816 1778 1651 1723 1876 1103 1697 1748 1257 1349 1803 1857 1900 1729 1025 1254 1723 1461 1417 1752 1083 1414 1883 BCNSPRNW ULIB Ver.6.0+V

เปลี่ยนเป็นภาษาไทย

Change to English
 แสดงรายละเอียดบรรณานุกรม
  กลับหน้าหลัก

Brief Record : Get Marc (ISO 2709) : E-mail record : QR code < ปิดหน้าต่าง
LEADER : 00000nam 2200000uu 4500
001    13399122603
003     ULIB
008    130814s2555||||th 000 0 tha d
020    ^a9789746726740
060 00 ^aWB535^bอ224ก
100 0  ^aอาทิตย์ พวงมะลิ
245 10 ^aการขยับ ดัด ดึง ข้อต่อ Mulligan s techniques : miracle ofarts and sciences in physical therapy /^cโดยอาทิตย์ พวงมะลิ
250    ^aพิมพ์ครั้งที่ 1
260    ^aเชียงใหม่ :^bภาควิชากายภาพบำบัด คณะเทคนิคการแพทย์มหาวิทยาลัยเชียงใหม่,^c2555
300    ^a118 หน้า :^bภาพประกอบ, ตาราง
504    ^aมีบรรณานุกรม (หน้า 100-109) และดัชนีประกอบ
650  2 ^aMusculoskeletal manipulations
650  2 ^aPhysical Therapy Modalities
650  2 ^aComplementary Therapies
650  7 ^aกายภาพบำบัด
710 20 ^aมหาวิทยาลัยเชียงใหม่.^bภาควิชากายภาพบำบัด
945    ^p260^l0^i20047
945    ^p260^l0^i20048
999    ^aทศพร เกษรทอง
รายการนี้ยังไม่มีแท็ก
คุณยังไม่ได้ล็อกอิน คุณสามารถมีกิจกรรมร่วมกับเว็บไซต์ได้ แต่ต้องล็อกอินก่อน ::
  ล็อกอิน

รายการสื่อสารสนเทศ

ลำดับที่ ประเภท เลขเรียก/บาร์โค้ด สถานที่ สถานะ
1. วิทยาศาสตร์การแพทย์ และสุขภาพ
วิทยาศาสตร์การแพทย์ และสุขภาพ
สถานะ=หนังสือเก่า
WB535 อ224ก ฉ.1 
  Barcode: 20047
ห้องสมุดวิทยาเขตนครสวรรค์
►ส่วนจัดเก็บหนังสือเก่า นว.
บนชั้น
  ขอยืม
2. วิทยาศาสตร์การแพทย์ และสุขภาพ
วิทยาศาสตร์การแพทย์ และสุขภาพ
สถานะ=หนังสือเก่า
WB535 อ224ก ฉ.2 
  Barcode: 20048
ห้องสมุดวิทยาเขตนครสวรรค์
►ส่วนจัดเก็บหนังสือเก่า นว.
บนชั้น
  ขอยืม

รายการใกล้เคียง
    ผู้แต่ง [อาทิตย์ พวงมะลิ]

    หัวเรื่อง [Musculoskeletal manipulations]
    หัวเรื่อง [Physical Therapy Modalities]
    หัวเรื่อง [Complementary Therapies]
    หัวเรื่อง [กายภาพบำบัด]

BibComment


ยังไม่เคยถูกคอมเมนท์

คอมเมนท์ทรัพยากรรายการนี้
  คอมเมนท์: การขยับ ดัด ดึง ..


 Copyright 2026. Bcnsprnw @Library